International Business (Record no. 52872)

000 -LEADER
fixed length control field 00357nam a2200145Ia 4500
008 - FIXED-LENGTH DATA ELEMENTS--GENERAL INFORMATION
fixed length control field 260330s9999 xx 000 0 und d
020 ## - INTERNATIONAL STANDARD BOOK NUMBER
International Standard Book Number 9.7893901133e+012
082 ## - DEWEY DECIMAL CLASSIFICATION NUMBER
Classification number 658.049
Item number ASW/I
100 ## - MAIN ENTRY--PERSONAL NAME
Personal name Aswathappa, K.
245 #0 - TITLE STATEMENT
Title International Business
250 ## - EDITION STATEMENT
Edition statement 7th
260 ## - PUBLICATION, DISTRIBUTION, ETC.
Place of publication, distribution, etc. Chennai
Name of publisher, distributor, etc. McGraw Hill Education
Date of publication, distribution, etc. 2025
300 ## - PHYSICAL DESCRIPTION
Extent 816p.
942 ## - ADDED ENTRY ELEMENTS (KOHA)
Koha item type Book

No items available.

All Rights Reserved@MUIT

Powered by Koha